| 000 | 00783nam a2200253Ia 4500 | ||
|---|---|---|---|
| 003 | OSt | ||
| 005 | 20220926030441.0 | ||
| 006 | a|||||r|||| 00| 0 | ||
| 007 | ta | ||
| 008 | 220923b |||||||| |||| 00| 0 eng d | ||
| 020 | _a0691054169 | ||
| 037 | _cGeneral Book | ||
| 040 |
_aRTL _cRTL _beng |
||
| 041 |
_2eng _aeng |
||
| 082 | _aX.677.N52<-N18, M4 | ||
| 100 |
_aTignor Robert L _9334321 |
||
| 245 | 0 | _aState, private enterprise, and economic change in Egyp, 1918-1952 | |
| 260 |
_aPrinceton _bPrinceton University Press _c1984 |
||
| 300 |
_axvi,317p. _ccm. |
||
| 490 | _aPrinceton Studies on the Near East | ||
| 650 |
_aAfrica Economic Conditions _932254 |
||
| 942 |
_hX.677.N52<-N18, M4 _cGB _2CC |
||
| 999 |
_c649804 _d649804 |
||